| 000 | 00521nam a2200181Ia 4500 | ||
|---|---|---|---|
| 005 | 20250603145716.0 | ||
| 008 | 250603s9999 xx 000 0 und d | ||
| 020 | _a9789814968362 | ||
| 050 | _aS 45 .C43/ | ||
| 100 | _aChavez-Gil, Tulio | ||
| 245 | 0 | _aSemi-critical assisted extractio: Applications and commercialization in biotechnology, food, and pharmacy | |
| 260 | _aNY | ||
| 260 | _bTaylor & Francis ; Jenny Stanford | ||
| 260 | _c2024 | ||
| 300 | _axii, 248p. :ill. ; 26cm. | ||
| 650 | _aNY | ||
| 942 | _cBK | ||
| 999 |
_c42622 _d42622 |
||